000 00359pam a2200157a 44500
008 230515b2002 xxu||||| |||| 00| 0 eng d
020 _aNULL
041 _aENGL
082 _a621.311042/ FIT
100 _aFITZGERALD & KINGSLEY UMANS
245 _aELECTRIC MACHINERY
250 _a4
260 _aNULL
_bMc. G
_c2002
300 _a688 PB
650 _aNULL
999 _c634217
_d634217